000 00286nam a2200121Ia 4500
008 190216s9999||||xx |||||||||||||| ||und||
100 _aKamal Shukla
245 0 _aHindi-Sambarka Pet Aur Dasiyara Ke Bet
260 _bJagathi Prakashan
300 _a56
650 _aHindi
942 _cBK
999 _c16271
_d16271